书目信息 |
| 题名: |
MBA/MPA/MPAcc联考同步复习指导系列
|
|
| 作者: | 袁进 编著 | |
| 分册: | 数学分册 | |
| 出版信息: | 北京 机械工业出版社 2014 |
|
| 页数: | 365页 | |
| 开本: | 26cm | |
| 丛书名: | MBA MPA MPAcc联考与经济类联考同步复习指导系列 | |
| 单 册: | ||
| 中图分类: | G643 , O13 | |
| 科图分类: | ||
| 主题词: | 高等数学--Gao Deng Shu Xue--研究生--入学考试--自学参考资料 | |
| 电子资源: | ||
| ISBN: | 978-7-111-45430-4 | |
| 000 | 01631nam 2200325 45 | |
| 001 | 012001008666 | |
| 005 | 20191029090558.10 | |
| 010 | @a978-7-111-45430-4@dCNY49.00 | |
| 099 | @aCAL 012014034429 | |
| 100 | @a20140331d2014 em y0chiy50 ea | |
| 101 | 0 | @achi |
| 102 | @aCN@b110000 | |
| 105 | @aak z 000yy | |
| 106 | @ar | |
| 200 | 1 | @aMBA/MPA/MPAcc联考同步复习指导系列@Amba/mpa/mpacc Lian Kao Tong Bu Fu Xi Zhi Dao Xi Lie@i数学分册@e2015版@f袁进等编著 |
| 205 | @a第13版 | |
| 210 | @a北京@c机械工业出版社@d2014 | |
| 215 | @a365页@c图@d26cm | |
| 225 | 2 | @aMBA MPA MPAcc联考与经济类联考同步复习指导系列@AMbampampacc Lian Kao Yu Jing Ji Lei Lian Kao Tong Bu Fu Xi Zhi Dao Xi Lie |
| 300 | @a考试名家指导 | |
| 314 | @a袁进,从事数学研究及教学工作三十余年,现为国内一流大学数学系教授,全国著名MBA联考数学辅导专家。 | |
| 330 | @a本书根据最新MBA、MPA、MPAcc考试大纲的要求,按照新的体例结构重新编写而成的。全书分为两部分:第一部分包含了MBA、MPA、MPAcc数学考试的必备基础知识、基本内容和基本题型,可以帮助考生尽快掌握大纲所要求的基本数学知识;第二部分在详细研究、系统整理历年联考试题的基础上,对历年的数学试题及典型例题进行了归纳分类,给出了典型例题的解题方法和常用技巧。本书适用于参加每年1月份MBA、MPA、MPAcc等专业的管理类联考和10月份在职MBA、MPA、MPAcc等专业的管理类联考的考生。 | |
| 410 | 0 | @12001 @aMBA MPA MPAcc联考与经济类联考同步复习指导系列 |
| 517 | 1 | @a数学分册@AShu Xue Fen Ce |
| 606 | 0 | @a高等数学@AGao Deng Shu Xue@x研究生@x入学考试@j自学参考资料 |
| 690 | @aG643@v5 | |
| 690 | @aO13@v5 | |
| 701 | 0 | @a袁进@AYuan Jin@4编著 |
| 801 | 2 | @aCN@b上海新华@c20191020 |
| 905 | @b1185354-7@dG643@e1120=13@f4 | |
| MBA/MPA/MPAcc联考同步复习指导系列.数学分册:2015版/袁进等编著.-第13版.-北京:机械工业出版社,2014 |
| 365页:图;26cm.-(MBA MPA MPAcc联考与经济类联考同步复习指导系列) |
| 考试名家指导 |
| ISBN 978-7-111-45430-4:CNY49.00 |
| 本书根据最新MBA、MPA、MPAcc考试大纲的要求,按照新的体例结构重新编写而成的。全书分为两部分:第一部分包含了MBA、MPA、MPAcc数学考试的必备基础知识、基本内容和基本题型,可以帮助考生尽快掌握大纲所要求的基本数学知识;第二部分在详细研究、系统整理历年联考试题的基础上,对历年的数学试题及典型例题进行了归纳分类,给出了典型例题的解题方法和常用技巧。本书适用于参加每年1月份MBA、MPA、MPAcc等专业的管理类联考和10月份在职MBA、MPA、MPAcc等专业的管理类联考的考生。 |
| ● |
| 相关链接 |
|
|
|
|
正题名:MBA/MPA/MPAcc联考同步复习指导系列
索取号:G643/1120=13
 
预约/预借
| 序号 | 登录号 | 条形码 | 馆藏地/架位号 | 状态 | 备注 |
| 1 | 1185354 | 211853546 | 第一样本阅览室/ [索取号:G643/1120=13] | 在馆 | |
| 2 | 1185355 | 211853555 | 第四借阅区/ [索取号:G643/1120=13] | 在馆 | |
| 3 | 1185356 | 211853564 | 第四借阅区/ [索取号:G643/1120=13] | 在馆 | |
| 4 | 1185357 | 211853573 | 第四借阅区/ [索取号:G643/1120=13] | 在馆 |